Recuerdos y olvidos
שמור ב:
| מחבר ראשי: | |
|---|---|
| פורמט: | ספר |
| שפה: | ספרדית |
| יצא לאור: |
Madrid
Alianza
1983
|
| סדרה: | Alianza Tres
|
| נושאים: | |
| תגים: |
הוספת תג
אין תגיות, היה/י הראשונ/ה לתייג את הרשומה!
|
MARC
| LEADER | 00000nam a2200000 a 4500 | ||
|---|---|---|---|
| 001 | UCT6721 | ||
| 003 | CL-VaPUC | ||
| 008 | 970113e19830000SP |||||||||||||||||spa|d | ||
| 082 | 0 | 4 | |a 863 |b AYA |2 21 |
| 100 | |a Ayala, Francisco |e author |9 466127 | ||
| 245 | 1 | 0 | |a Recuerdos y olvidos |
| 300 | |a 232 p | ||
| 942 | |c BK | ||
| 945 | |d 19970113 00:00:00 |a nastorga | ||
| 260 | |a Madrid |b Alianza |c 1983 | ||
| 500 | |a v.2 El Exilio | ||
| 650 | 0 | |a Novelas españolas |9 265052 | |
| 583 | |a last modification |c 19970113 00:00:00 |k Rodrigo Vera | ||
| 490 | 0 | |a Alianza Tres | |
| 999 | |c 255398 |d 255396 | ||
| 952 | |0 0 |1 0 |4 0 |6 863_000000000000000_AYA_1983 |7 0 |8 A |9 277620 |a BIBEDU |b BIBEDU |d 2019-11-19 |h v.2 |i 3269817 |o 863 AYA 1983 |p 3269817 |r 2019-11-19 |w 2019-11-19 |y BK |k LIT | ||